Inventive Experimentation of Bangsawan set-drop : from painting to digital media /
Saved in:
| Main Author: | |
|---|---|
| Format: | Thesis Book |
| Language: | English |
| Published: |
2014
|
| Subjects: | |
| Tags: |
Add Tag
No Tags, Be the first to tag this record!
|
| LEADER | 01151cam a2200325 i 4500 | ||
|---|---|---|---|
| 001 | u999936 | ||
| 003 | SIRSI | ||
| 005 | 201408041039 | ||
| 008 | 140804s2014 my a v 000 0 eng m | ||
| 040 | |a UMM |e rda | ||
| 090 | |a PN2899.45 |b B36Barmh | ||
| 100 | 0 | |a Barirah Md. Husin | |
| 245 | 1 | 0 | |a Inventive Experimentation of Bangsawan set-drop : |b from painting to digital media / |c Barirah Md. Husin |
| 264 | 1 | |c 2014 | |
| 264 | 4 | |c 2014 | |
| 300 | |a xiii, 84 leaves, 4 unnumbered leaves : |b illustrations ; |c 30 cm. | ||
| 336 | |a text |2 rdacontent | ||
| 337 | |a unmediated |2 rdamedia | ||
| 338 | |a volume |2 rdacarrier | ||
| 502 | |b M.A.(Vis.Com. & New Media) |c Faculty of Art & Design, Universiti Teknologi MARA |d 2014. | ||
| 504 | |a Bibliography: leaves 71-73. | ||
| 530 | |a Also issued in CD. | ||
| 650 | 0 | |a Bangsawan | |
| 650 | 0 | |a Stage management | |
| 650 | 0 | |a Theater management | |
| 650 | 0 | |a Theater |x Technological innovations | |
| 710 | 2 | |a Universiti Teknologi MARA, |e degree granting institutIon. | |
| 900 | |a ZA | ||
| 596 | |a 1 | ||
| 999 | |a PN2899.45 B36BARMH |w LC |c 1 |i A515701462 |d 9/10/2015 |f 9/10/2015 |g 1 |l STACKS |m P01UTAMA |r Y |s Y |t TESIS |u 8/10/2015 |1 AHSS | ||
